| 000 -LEADER |
| fixed length control field |
01031nam a2200253Ia 4500 |
| 008 - FIXED-LENGTH DATA ELEMENTS--GENERAL INFORMATION |
| fixed length control field |
200103s 2015 ||||xx |||||||||||||| ||und|| |
| 020 ## - INTERNATIONAL STANDARD BOOK NUMBER |
| International Standard Book Number |
8185099146 |
| 082 ## - DEWEY DECIMAL CLASSIFICATION NUMBER |
| Classification number |
670.42 |
| Item number |
CHO |
| 100 ## - MAIN ENTRY--PERSONAL NAME |
| Personal name |
Choudhury, S.K. Hajra |
| 245 #0 - TITLE STATEMENT |
| Title |
Elements of workshop technology: manufacturing processes, SI and MKS units, Vol. 1 |
| 250 ## - EDITION STATEMENT |
| Edition statement |
16th |
| 260 ## - PUBLICATION, DISTRIBUTION, ETC. (IMPRINT) |
| Name of publisher, distributor, etc |
Media Promoters & Publishers Pvt. Ltd. |
| Date of publication, distribution, etc |
2016 |
| Place of publication, distribution, etc |
Mumbai |
| 300 ## - PHYSICAL DESCRIPTION |
| Extent |
xvi, 648 p.: ill. |
| 504 ## - BIBLIOGRAPHY, ETC. NOTE |
| Bibliography, etc |
Includes objective question paper |
| 520 ## - SUMMARY, ETC. |
| Summary, etc |
In this present edition, an earnest attempt has been made to make the book more useful. The authors had covered the syllabuses of all the technical institutes or engineering colleges and technological universities. |
| 650 ## - SUBJECT ADDED ENTRY--TOPICAL TERM |
| Topical term or geographic name as entry element |
Machine-shop practice |
| 650 ## - SUBJECT ADDED ENTRY--TOPICAL TERM |
| Topical term or geographic name as entry element |
Mechanical engineering |
| 650 ## - SUBJECT ADDED ENTRY--TOPICAL TERM |
| Topical term or geographic name as entry element |
Machine-tools |
| 650 ## - SUBJECT ADDED ENTRY--TOPICAL TERM |
| Topical term or geographic name as entry element |
Workshops - Equipment and supplies |
| 700 ## - ADDED ENTRY--PERSONAL NAME |
| Personal name |
Choudhury, A.K. Hajra |
| Relator term |
Co-author |
| 700 ## - ADDED ENTRY--PERSONAL NAME |
| Personal name |
Roy, Nirjhar |
| Relator term |
Co-author |
| 700 ## - ADDED ENTRY--PERSONAL NAME |
| Personal name |
Bhattacharya, S.C. |
| Relator term |
Collaborator |
| 942 ## - ADDED ENTRY ELEMENTS (KOHA) |
| Item type |
Books |